000 00765nam a2200229Ia 4500
003 GCL
008 140319s9999 xx 000 0 ara d
040 _aGCL /
_cGCL
082 0 4 _a509
_bح ش
100 1 _aعبدالحميد صبرة
245 1 0 _aالشكوك على بطليموس /
_cعبدالحميد صبرة
700 1 _aابن الهيثم : ابوعلى محمد بن الحسن المصرى
700 1 _aنبيل الشهابى
300 _a92 ص
490 _aالهيئة العامة للاستعلامات
_v0
650 0 4 _aالعلوم عند العرب
650 0 4 _aالعلماء المسلمون
650 0 4 _aالبصريات
650 0 4 _aالفلك - تاريخ
650 0 4 _aالرياضيات - تاريخ
942 _2ddc
_cBK
999 _c51918
_d51918